MDQL
is popping MORE tags! Check the
thread
!
Quizzes
Events
Quiz Creation
Community
Videos
Private Events
Remove Ads
Sign In
Join for FREE
Feedback
Dark Mode
Quiz Categories
Sports
Geography
Music
Movies
Television
Just For Fun
Miscellaneous
History
Literature
Language
Science
Gaming
Entertainment
Religion
Holiday
For Kids
Quiz Lab
Recent
Popular Today
Quiz Kudos Today
Editor Picks
Curator Picks
Quizzes by...
Day
Popularity
Type
Ratings
Length
Year
Community
Subscriptions
Recent Discussions
Orange Saloon
Badges
Playlists
Quests
Create
Leaderboards
Showdown
Live 5
Trivia Bingo
Activity
Puzzle Library
Sporcle Events
Private Events
Virtual Trivia
Globe League
Become a Host
Pub Owners
SporcleCon
Opinionation
Our Games
Videos
Blog
Mobile Apps
Partnerships
Remove Ads and Go Orange
Feedback
Literature
Harry Potter
A Song of Ice and Fire
The Hunger Games
Literary Character
Shakespeare
Book
Author
Novel
Poem
Young Adult
Children's Books
Play
Lord of the Rings
Literature
Harry Potter
A Song of Ice and Fire
The Hunger Games
Literary Character
Shakespeare
Book
Author
Novel
Poem
Young Adult
Children's Books
Play
Lord of the Rings
Random Quiz
Search Sporcle
×
Quiz Lab
Quiz Lab
Literature
Book
Type in answers that appear in a list
Type in answers that appear in a list
Classic
Best Score? Go Orange.
BBC Top 100 Books Stats
Can you name the Top 100 Books as published by the BBC in 2003?
By
speedbird007
10m
100 Questions
296 Plays
296 Plays
296 Plays
Comments
Comments
Give Quiz Kudos
Give Quiz Kudos
-
- Ratings
hide this ad
Replay
Link that replays current quiz
Next Quiz
Link to next quiz in quiz playlist
You Got
0%
They Got
Avg Score
50%
Avg Friend Score
Upgrade to see
Score Distribution
Jump to the score distribution portion of the page
Score
0/100
Timer
10:00
0
Plays Today
Author
Title
% Correct
J. R. R. Tolkien
The Lord of the Rings
97%
J. K Rowling
Harry Potter & the Chamber of Secrets
95.6%
J. K Rowling
Harry Potter & the Prisoner of Azkaban
95.3%
J. K. Rowling
Harry Potter & The Goblet of Fire
94.6%
Jane Austen
Pride & Prejudice
93.9%
George Orwell
Nineteen Eighty Four
93.6%
J. K Rowling
Harry Potter & the Philosopher's Stone
92.9%
J. R. R Tolkien
The Hobbit
92.6%
Harper Lee
To Kill a Mockingbird
88.5%
George Orwell
Animal Farm
87.8%
Emily Brontë
Wuthering Heights
86.5%
J. D Salinger
The Catcher in the Rye
85.8%
Leo Tolstoy
War & Peace
84.1%
C. S. Lewis
The Lion, The Witch and the Wardrobe
83.4%
F. Scott Fitzgerald
The Great Gatsby
83.1%
A. A. Milne
Winnie-the-Pooh
82.8%
John Steinbeck
The Grapes of Wrath
82.1%
Charlotte Brontë
Jane Eyre
81.4%
Joseph Heller
Catch-22
79.4%
Louisa May Alcott
Little Women
79.1%
Charles Dickens
Great Expectations
78%
Jane Austen
Emma
77.4%
Douglas Adams
The Hitchhiker's Guide to the Galaxy
75%
Charles Dickens
A Tale of Two Cities
74.7%
Margaret Mitchell
Gone with the Wind
74%
Roald Dahl
Charlie and the Chocolate Factory
73.6%
John Steinbeck
Of Mice and Men
73.3%
Charles Dickens
A Christmas Carol
72.6%
Fyodor Dostoevsky
Crime & Punishment
70.6%
William Golding
Lord of the Flies
70.3%
Robert Louis Stevenson
Treasure Island
69.6%
Lewis Carroll
Alice's Advetures in Wonderland
69.3%
Aldous Huxley
Brave New World
65.9%
Leo Tolstoy
Anna Karenina
65.5%
Author
Title
% Correct
Daphne de Maurier
Rebecca
65.2%
Roald Dahl
Matilda
64.5%
Jack Kerouac
On The Road
64.5%
Charles Dickens
David Copperfield
61.8%
Philip Pullman
His Dark Materials
60.5%
James Joyce
Ulysses
60.5%
Alexandre Dumas
The Count of Monte Cristo
59.5%
Frances Hodgson Burnett
The Secret Garden
58.1%
Jane Austen
Persuasion
55.7%
Kenneth Grahame
The Wind in the Willows
54.7%
Roald Dahl
The BFG
54.7%
Anna Sewell
Black Beauty
53.7%
Mario Puzo
The Godfather
53.7%
Lucy Maud Montgomery
Anne of Green Gables
53.4%
Thomas Hardy
Tess of the d'Urbervilles
52%
George Eliot
Middlemarch
51.4%
Richard Adams
Watership Down
51.4%
Gabriel García Márquez
Love in the Time of Cholera
50.7%
Gabriel García Márquez
One Hundred Years of Solitude
49.3%
Evelyn Waugh
Brideshead Revisited
49.3%
Frank Herbert
Dune
48.6%
Charles Dickens
Bleak House
45.6%
Stephen King
The Stand
43.6%
Thomas Hardy
Far From the Madding Crowd
40.5%
Louis Sachar
Holes
40.2%
Paulo Coelho
The Alchemist
40.2%
Salman Rushdie
Midnight's Children
39.9%
Helen Fielding
Bridget Jones's Diary
37.5%
Roald Dahl
The Twits
35.1%
Ken Follett
The Pillars of the Earth
34.1%
Wilkie Collins
The Woman in White
34.1%
Sebastian Faulks
Birdsong
31.1%
Colleen McCullough
The Thorn Birds
31.1%
Eoin Colfer
Artemis Fowl
30.1%
Author
Title
% Correct
Meg Cabot
The Princess Diaries
29.7%
Arthur Golden
Memoirs of a Geisha
29.4%
Louis de Bernières
Captain Corelli's Mandolin
27.7%
Patrick Süskind
Perfume
26%
Malorie Blackman
Noughts & Crosses
25.7%
Arundhati Roy
The God of Small Things
25.7%
Donna Tartt
The Secret History
25%
Jean M. Auel
The Clan of the Cave Bear
24.7%
Vikram Seth
A Suitable Boy
24%
Neil Gaiman & Terry Pratchett
Good Omens
24%
Dodie Smith
I Capture the Castle
23.3%
Stella Gibbons
Cold Comfort Farm
23%
Jacqueline Wilson
The Story of Tracy Beaker
22.3%
Nevil Shute
A Town Like Alice
21.6%
Arthur Ransome
Swallows & Amazons
21.6%
Rosamunde Pilcher
The Shell Seekers
21.3%
John Fowles
The Magus
20.3%
Jeffrey Archer
Kane & Abel
18.2%
Terry Pratchett
Mort
16.6%
Terry Pratchett
Guards! Guards!
16.6%
Mervyn Peake
Gormenghast
16.6%
Michelle Magorian
Goodnight Mister Tom
14.5%
Enid Blyton
The Magic Faraway Tree
14.2%
Terry Pratchett
The Colour of Magic
14.2%
Anya Seton
Katherine
10.8%
Jacqueline Wilson
Double Act
10.5%
Jacqueline Wilson
Vicky Angel
10.5%
Raymond E. Feist
Magician
9.8%
Jacqueline Wilson
Girls in Love
9.5%
Robert Tressell
The Ragged Trousered Philanthropists
8.8%
Terry Pratchett
Night Watch
7.8%
John Irving
A Prayer of Owen Meany
5.4%
Quiz Playlist
Details
Report
Send in Message
Add To Playlist
Classic:
Type in answers that appear in a list
Quiz Source
Last Updated: Feb 16, 2017
Quiz Scoreboard
CHALLENGE
Sign Up to Join the Scoreboard
Show All
Scores
Hide
Comments
May contain spoilers
Recently Published
Image Sorting: Flags VI
by Barbecue
Geography
2m
Find the 'City' Movie
by crazypaving
Movies
60s
Colored Red Africa Blitz
by spor1
Geography
45s
More to Explore
Quiz From the Vault
Featured Blog Post
14 Easter Pick-up Lines to Find Eggs With
hide this ad
You Might Also Like...
Tags
Author Quiz
Book Quiz
Novel Quiz
100
2003
bbc
Top 100
Today's Top Quizzes in Literature
Browse Literature
hide this ad
Today's Top Quizzes in Book
Browse Book
Top Contributed Quizzes in Literature
1
Sneaky Slytherin Logic Puzzle
2
Harry Potter logic puzzle: The Hogwarts Soap Opera
3
Harry Potter Slytherin Logic Puzzle
4
Get The Picture: Black or White Literature
5
ASOIAF Siblings Logic Puzzle
6
'Middle' Earth
7
A Song of Ice and Fire Logic Puzzle
8
Harry Potter Logic Puzzle 1
9
Logic Puzzle: Avoid Dumbledore's Army
10
Mini Trivia Sudoku: A Song of Ice and Fire
Explore More
Trending Topics
Kpop
NBA
Crossword
Marvel
Harry Potter
Disney
Anime
The Office
Puzzle
Soccer
Country
Song
WWE
NFL
Pokémon
hide this ad
More By:
speedbird007
Quiz
Plays
Rating
Category
Featured
Created
Figure out the Lyrics (Beatles Version VII)
4,763
4.35
Music
Oct 17, 2010
Eminem #1 Singles
1,057
2.75
Music
Oct 1, 2010
Dad's Army Characters
1,021
1.60
Television
Mar 17, 2010
Can you name these dead musicians?
762
3.43
Music
Sep 7, 2010
Amy Winehouse Singles
675
5.00
Music
Jul 24, 2011
Go to Creator's Profile
Score Distribution
Quiz Creator Spotlight
speedbird007
Follow
Send a Message
Quizzes Created
-
Created Quiz Play Count
-
More By This Creator
Popular Quizzes Today
1
Colored Red Africa Blitz
2
Find the US States - No Outlines Minefield
3
Find the 'City' Movie
4
5x2 Blitz: Bands
5
The Countries of the World
6
Find the US States
7
Find the Countries of Europe - No Outlines Minefield
8
US States
More Literature Quizzes
Five-Word Literary Slot Machine
Editor's Pick
Trending Quizzes
Colored Red Europe Blitz I
Colored Red Europe Blitz II
Colored Red Africa Blitz II
Colored Red Europe Blitz III
Colored Red Africa Blitz III
Recently Updated
How Do You Spell That?
pecheneg
Godzilla Movies
pecheneg
Grab Bag: 4-10 Letters
pecheneg
2024 March Madness Bracket
pecheneg
Famous TV Couples
Peacemaker
Champions League XIs: Real Madrid
pecheneg
Largest US Cities 1790-2010
pecheneg
Rides in Walt Disney World
pecheneg
Most Oscar Losses (Acting)
pecheneg
Beyoncé Albums
pecheneg
Trending Topics
NBA
Disney
Crossword
Anime
Kpop
Harry Potter
Marvel
Puzzle
Country
WWE
Soccer
NFL
Song
Pokémon
The Office
Your Account Isn't Verified!
In order to create a playlist on Sporcle, you need to verify the email address you used during registration. Go to your
Sporcle Settings
to finish the process.
Report this User
Report this user for behavior that violates our
Community Guidelines
.
Details:
Send Report
Go to the Sporcle.com Mobile Site →
Comments